| 000 | 01643nam a2200277 i 4500 | ||
|---|---|---|---|
| 003 | DO-SdBNP | ||
| 005 | 20250925135321.0 | ||
| 007 | ta | ||
| 008 | 220404e2017 dr ||||frlg|| 001 0 spa d | ||
| 040 |
_aDO-SdBNP _bspa _cBNPHU _erda |
||
| 082 | 4 |
_a342.7293068 _bM665c 2017 _222 |
|
| 110 | 1 |
_aRepública Dominicana _bMinisterio de Administración Pública _965952 |
|
| 245 | 1 | 0 |
_aCompendio de normas sobre profesionalización de la función pública : _b(Ley de Función Pública y sus reglamentos de aplicación) y Ley Orgánica de Administración Pública, Ley no. 247-12 / _cPresentación, Ramón Ventura Camejo. |
| 264 | 4 |
_aSanto Domingo : _bMinisterio de Administración Pública _c2017.© |
|
| 300 |
_a279 páginas ; _c21 cm. |
||
| 336 |
_atexto _btxt _2rdacontent |
||
| 337 |
_asin mediación _bn _2rdamedia |
||
| 338 |
_avolumen _bnc _2rdacarrier |
||
| 505 |
_aPresentación _tLey No. 41-08 de Función Pública.-- _tReglamento de Relaciones Laborales en la Administración Pública NO. 523-09.-- _tReglamento de Reclutamiento y Selección de Personal en la Administración Pública No. 251-15.-- _tReglamento de Evaluación del Desempeño y Promoción de los Servidores y Funcionarios de la Administración Pública No. 525-09.-- _tReglamento de Estructura Organizativa, Cargos y Política Salarial No. 527-09.-- _tLey Orgánica de Administración Pública (Ley No. 247-12). |
||
| 590 | _aInventariado 2022 / MF | ||
| 650 | 4 |
_aCarrera administrativa _zRepública Dominicana _935844 |
|
| 650 | 4 |
_911090 _aRepública Dominicana _xLey No. 247-12 |
|
| 700 | 1 |
_926937 _aVentura Camejo, Ramón. _epresentación |
|
| 910 | _aMFeliz | ||
| 942 |
_2ddc _cLBS1 |
||
| 999 |
_c51454 _d51454 |
||